000 00913nam a22002777a 4500
001 8326
003 FISKH
005 20250909105821.0
008 250909b cb ||||| |||| 00| 0 eng d
020 _a9781848797536
040 _aFISKH
_beng
_cFISKH
_dFISKH
082 _a551.5
100 _aPhillips , Sarah
245 _aWeather :
_bDiscover the wonders of weather /
_cBy Sarah Phillips
260 _aUK :
_bMake believe Idea Ltd.,
_c2011.
300 _a30 pages :
_bcolor illustrations ;
_c18 cm .
490 _amini Encyclopedia
505 _aH
520 _aExplains what weather is, the climate, the seasons, forecasting weather, weather charts, and different types of weather.
521 8 _a400
_bLexile estimate
521 8 _aH
_bRaz-Plus
650 _aGlobal warming
_vNon-fiction
650 _aThunder and lightning
_vNon-fiction
942 _2ddc
_cBK
_n0
999 _c8326
_d8326